000 00363nam a2200145Ia 4500
005 20241107042704.0
008 240331s9999 xx 000 0 und d
082 _bGUN
_a823
100 _aGunaratna, S
245 0 _aBili Pooja
260 _aHomagama
_bColombo Co-operative Printers Society Ltd
_c1973
300 _a102 p .,
500 _aShort stories
942 _cL
999 _c3348
_d3348